000 00674nam a2200277Ia 4500
005 20260324130729.0
008 008 260324s9999 xx 000 0 eng d
020 _a9780203941553
037 _aEBOOK
040 _aCRL
040 _beng
040 _cCRL
041 _2eng
041 _aeng
084 _qCRL
100 _aHans-Adolph Jacobsen; Arthur L. Smith Jr.
_91182885
245 4 _aThe Nazi Party and the German Foreign Office
260 _bTaylor and Francis
260 _c2007
365 _a
365 _b240
856 _uhttp://www.taylorfrancis.com/books/9780203941553
942 _cEBOOK
999 _c1779301
_d1779301